000 00386 a2200121 4500
005 20250506125442.0
082 _aLECT 320.092 NYE
100 _aNYERERE, J. K.
245 _aFreedom and Unity/ Uhuru na Umoja: A Selection From Writings and Speeches 1952-1965
260 _aNairobi,
_bOxford University Press,
_c1967.
300 _axii,366p,: ill.; picture.
_bIndex.
_c21cm.
942 _2ddc
_cBKS
999 _c2029
_d2029